000 00311 a2200133 4500
999 _c9831
_d9831
003 OSt
005 20220304120128.0
008 220304b ||||| |||| 00| 0 eng d
020 _a9780631201588
082 _a415
100 _aRobert Chametzky
245 _aPhrase Structure: From Gb to Minimalism
942 _2ddc